[Event "Lindores Abbey Rapid Challenge"]
[Site "Online"]
[Date "2020.05.19"]
[Round "4"]
[White "Carlsen, Magnus"]
[Black "Nakamura, Hikaru"]
[Result "1/2-1/2"]
[WhiteElo "2881"]
[BlackElo "2829"]
[Annotator "TA"]
[PlyCount "101"]
[EventDate "2020.05.19"]
[EventType "tourn"]
[SourceTitle "playchess.com"]
[Source "ChessBase"]
[SourceQuality "1"]

{[%evp 19,101,0,0,-14,22,0,19,20,10,-6,10,7,51,62,42,0,0,0,0,0,0,0,0,0,24,12,16,16,66,64,72,56,64,61,66,68,112,98,112,71,60,63,81,77,77,80,83,80,81,80,93,75,88,81,81,89,97,51,51,51,51,51,51,51,55,51,386,377,355,325,416,380,411,9,37,3,12,0,0,0,14,0,0,0]} 1. d4 Nf6 2. c4 e6 3. Nf3 d5 4. Nc3 Be7 5. cxd5 exd5 6. Bf4 c6 7. Qc2 g6 8. e3 Bf5 9. Bd3 Bxd3 10. Qxd3 Nbd7 {[#]} 11. h4 $146 {D35: Queen's Gambit Declined: Exchange Variation.} ({Predecessor:} 11. O-O O-O 12. h3 Re8 13. Rfc1 Nb6 14. Qc2 Bd6 15. Bxd6 Qxd6 16. Ne5 Qe7 17. Nd3 Ne4 18. Ne5 {½-½ (18) Gareyev,T (2636)-Bruzon Batista,L (2694) Las Vegas 2014}) 11... Nb6 12. Ne5 Qc8 13. O-O-O Qe6 14. Kb1 Ne4 15. Qc2 $1 Bb4 16. Nxe4 dxe4 17. h5 {aiming for hxg6.} (17. Qxe4 f6 $17) 17... g5 $1 {[%cal Rg5f4][%mdl 64] Decoy} 18. Bxg5 f6 19. Rh4 fxg5 20. Rxe4 O-O $1 21. Ng6 $1 Qf7 22. Nxf8 Rxf8 23. Re5 h6 ({Of course not} 23... Qxh5 $6 24. f4 $1 $16 {[%mdl 512]}) 24. g4 Bd6 25. Rf5 Qe6 26. e4 Re8 27. f3 Bf4 28. Rd3 Nc4 29. Qc3 Nd6 {[#]} 30. d5 $1 {[%mdl 512]} Qe7 31. Rf6 Be5 32. Rg6+ Kh7 33. Qc2 c5 34. Re6 Qc7 35. Rxe8 Nxe8 {[#]} 36. d6 $1 {[%cal Rd6c7][%mdl 64] Decoy} Nxd6 37. Rd5 $1 $36 {[%csl LRc5,LRe5][%mdl 2112] Double Attack. White is really pushing.} Nf7 38. Rxc5 Qb6 39. a4 {[%cal Ba2a4,Ba4a5][%mdl 32] Rb5 is the strong threat.} a6 40. a5 Qe6 41. Rd5 Kg7 42. Qc5 Qf6 $2 {[%mdl 8192]} ({Better is} 42... Kf6 $14) 43. Rd7 $18 Bxb2 44. Rxb7 Bc3 45. Kc2 Be1 {[#]} 46. Qd5 $2 (46. Rb8 $1 $18 {Threatening mate with Qf8+.} Qd6 47. Qxd6 Nxd6 48. Rb6) 46... Qxf3 $11 47. Qe5+ Kg8 {The position is equal.} 48. Qe8+ Kg7 49. Qe5+ Kg8 50. Qe8+ Kg7 51. Qe5+ {Accuracy: White = 82%, Black = 72%.} 1/2-1/2

[Event "Lindores Abbey Rapid Challenge"]
[Site "Online"]
[Date "2020.05.19"]
[Round "4"]
[White "Grischuk, Alexander"]
[Black "So, Wesley"]
[Result "1/2-1/2"]
[WhiteElo "2784"]
[BlackElo "2741"]
[Annotator "TA"]
[PlyCount "69"]
[EventDate "2020.05.19"]
[EventType "tourn"]
[SourceTitle "playchess.com"]
[Source "ChessBase"]
[SourceQuality "1"]

{[%evp 9,69,0,2,5,5,0,17,0,5,7,4,0,1,0,0,0,22,0,0,0,2,0,0,0,0,0,0,0,0,0,0,0,0,0,0,0,0,-6,0,0,0,0,0,0,0,0,0,0,0,0,0,0,0,0,0,0,0,0,0,0,0,0]} 1. e4 e5 2. Nf3 Nc6 3. Bb5 Nf6 4. d3 Bc5 5. Ba4 O-O {The position is equal.} 6. O-O {C65: Ruy Lopez: Berlin Defence (3...Nf6), unusual lines and 4 0-0 Bc5.} d6 7. c3 Ne7 8. h3 Ng6 9. d4 Bb6 10. Bc2 c6 11. Re1 Re8 12. Nbd2 Bc7 13. Nf1 d5 14. Bg5 dxe4 15. Rxe4 Bf5 16. Re3 Bxc2 $1 17. Qxc2 h6 18. Bxf6 Qxf6 19. Rae1 Re7 $1 {[#]} 20. dxe5 $146 ({Predecessor:} 20. Ng3 Rae8 21. Qf5 Qxf5 22. Nxf5 Re6 23. dxe5 Bxe5 24. N5h4 Nxh4 25. Nxh4 g6 26. Nf3 f6 27. Nh4 Kf7 28. Kf1 f5 29. Nxg6 Kxg6 30. f4 Kf6 31. fxe5+ {½-½ (31) Giri,A (2797)-Andreikin,D (2737) Tbilisi 2015}) 20... Nxe5 21. Nxe5 Bxe5 22. Nd2 Rae8 23. Nf3 g6 (23... Bd6 {looks sharper.} 24. Rxe7 Rxe7 25. Rxe7 Qxe7 26. Kf1 g6) 24. Nxe5 Rxe5 25. Rxe5 Rxe5 26. Rxe5 Qxe5 $11 {[%mdl 4096] Endgame KQ-KQ} 27. h4 Qe1+ 28. Kh2 Kg7 29. g3 Kf6 30. Kg2 Ke5 {Black wants to play ...Qe4+.} 31. Qb3 Qe4+ 32. Kg1 Qe1+ 33. Kg2 Qe4+ 34. Kg1 Qe1+ 35. Kg2 {Not much happened in this game. Accuracy: White = 100%, Black = 100%.} 1/2-1/2

[Event "Lindores Abbey Rapid Challenge"]
[Site "Online"]
[Date "2020.05.19"]
[Round "4"]
[White "Aronian, Levon"]
[Black "Ding, Liren"]
[Result "1/2-1/2"]
[WhiteElo "2778"]
[BlackElo "2836"]
[Annotator "TA"]
[PlyCount "48"]
[EventDate "2020.05.19"]
[EventType "tourn"]
[SourceTitle "playchess.com"]
[Source "ChessBase"]
[SourceQuality "1"]

{[%evp 15,48,-16,-19,-26,0,-22,0,-6,0,-21,0,-12,0,-14,-14,-22,-11,-2,16,-37,10,-9,7,11,11,-26,-39,-38,-35,-49,0,0,0,-41,0]} 1. e4 c5 2. Nf3 d6 3. c3 Nf6 4. Be2 g6 5. O-O Bg7 6. d3 Nc6 7. h3 O-O 8. Be3 e5 9. Nbd2 {B50: Sicilian: 2...d6, Miscellaneous.} Re8 10. a3 a5 11. a4 {The position is equal.} b6 {[#]} 12. Re1 $146 ({Predecessor:} 12. Qb1 d5 13. Bg5 h6 14. Bxf6 Bxf6 15. Bd1 Ne7 16. Re1 Bb7 17. Bb3 Qd7 18. Qa2 {½-½ (64) Votava,J (2524)-Baldauf,M (2420) Austria 2016}) 12... d5 13. exd5 Nxd5 14. Bg5 Qc7 15. Bh4 Nf4 16. Bf1 Ba6 17. Qc2 (17. Qb3 $11) 17... h6 18. Rad1 Nh5 19. Qb3 Rab8 20. Ne4 Bb7 21. Ng3 Nf4 {White must now prevent ...g5.} 22. Ne4 Nh5 23. Ng3 Nf4 {And now ...g5 would win.} 24. Ne4 Nh5 {Accuracy: White = 88%, Black = 86%.} 1/2-1/2

[Event "Lindores Abbey Rapid Challenge"]
[Site "Online"]
[Date "2020.05.19"]
[Round "4"]
[White "Dubov, Daniil"]
[Black "Wei, Yi"]
[Result "1/2-1/2"]
[WhiteElo "2770"]
[BlackElo "2752"]
[Annotator "TA"]
[PlyCount "67"]
[EventDate "2020.05.19"]
[EventType "tourn"]
[SourceTitle "playchess.com"]
[Source "ChessBase"]
[SourceQuality "1"]

{[%evp 15,67,19,18,0,21,17,12,12,15,0,0,0,0,0,0,0,6,9,48,52,57,-9,35,35,13,-16,-41,-16,0,0,0,0,0,0,0,0,0,0,0,0,0,0,0,0,0,0,0,0,0,0,0,0,0,0]} 1. Nf3 Nf6 2. c4 e6 3. d4 d5 4. g3 Be7 5. Bg2 O-O 6. O-O dxc4 7. Qc2 a6 8. a4 $1 {The main line 8.a4 scores better than 8.Qxc4.} Bd7 9. Bg5 {E05: Open Catalan: 5 Nf3 Be7.} Bc6 10. Rd1 b5 11. Bxf6 Bxf6 12. Nc3 Qe8 13. d5 exd5 14. Nd4 $1 Qe5 15. e4 dxe4 16. Nxe4 Bxe4 ({But not} 16... bxa4 $2 17. Nxc6 Nxc6 18. Qxc4 $18) 17. Bxe4 Ra7 {[#]} 18. axb5 $146 (18. Bxh7+ Kh8 $11) ({Better is} 18. Nf3 $1 $14 Qh5 19. axb5) ({Predecessor:} 18. Nf3 Qe7 19. Bxh7+ Kh8 20. Rd5 g6 21. Re1 Qxe1+ 22. Nxe1 c6 23. Rd6 Be5 24. Bxg6 Bxd6 {1-0 (33) Jacobson,B (2418)-Khamrakulov,D (2500) New York 2019}) 18... Qc5 (18... g6 {is more complex.} 19. bxa6 Rxa6 20. Rxa6 Nxa6 21. Nc6 Qb5) 19. Nc6 Nxc6 20. Bxc6 ({Much weaker is} 20. Bxh7+ Kh8 $17) (20. bxc6 {looks sharper.} Rb8 21. Bd5 Raa8 22. Qxc4 Qxc4 23. Bxc4 Rb4 24. Rxa6 Rxa6 25. Bxa6 Rb6 26. Bc4) 20... axb5 {[#] Threatens to win with ...Rxa1.} 21. Rxa7 {Strongly threatening Ra6.} Qxa7 {The position is equal.} 22. Bxb5 Qa2 {And now ...c3! would win.} (22... g6 {is interesting.} 23. Qxc4 c5 24. Rd7 Qa1+ 25. Kg2 Bd4) 23. Bxc4 Qxb2 24. Qxb2 Bxb2 $11 {[%mdl 4096] Endgame KRB-KRB} 25. Rd7 Be5 26. f4 Bd6 27. Kg2 g6 28. Kf3 Kg7 29. h3 h5 30. h4 Kf6 31. Bd5 Kg7 32. Bc4 Kf6 33. Bd5 Kg7 34. Bc4 {Accuracy: White = 94%, Black = 89%.} 1/2-1/2

[Event "Lindores Abbey Rapid Challenge"]
[Site "Online"]
[Date "2020.05.19"]
[Round "4"]
[White "Karjakin, Sergey"]
[Black "Duda, Jan-Krzysztof"]
[Result "1-0"]
[WhiteElo "2709"]
[BlackElo "2774"]
[Annotator "TA"]
[PlyCount "109"]
[EventDate "2020.05.19"]
[EventType "tourn"]
[SourceTitle "playchess.com"]
[Source "ChessBase"]
[SourceQuality "1"]

{[%evp 24,109,0,0,0,0,0,0,0,0,0,0,0,0,0,0,0,-15,6,6,11,15,197,198,207,207,208,208,210,210,210,210,210,210,204,207,210,202,202,183,214,202,212,215,215,215,215,212,217,217,222,209,253,227,306,281,297,275,358,330,420,387,447,442,433,412,402,400,385,371,333,108,108,82,75,8,431,312,4129,4137,4137,4137,4137,4137,29983,29984,29983,29981]} 1. e4 c5 2. Nf3 d6 3. d4 cxd4 4. Nxd4 Nf6 5. Nc3 a6 6. Bg5 e6 7. f4 Qb6 8. Qd2 Qxb2 9. Rb1 Qa3 10. f5 Nc6 11. fxe6 fxe6 12. Nxc6 bxc6 13. Be2 Be7 {B97: Sicilian Najdorf: Poisoned Pawn.} 14. e5 dxe5 15. Bxf6 $1 Bxf6 {The position is equal.} 16. Bh5+ g6 17. Ne4 O-O 18. O-O Bg7 19. Rxf8+ Qxf8 20. Bf3 {[#]} Ra7 $146 ({Predecessor:} 20... Qe7 21. Qa5 Qa7+ 22. Kh1 Bd7 23. Qb6 Qxb6 24. Rxb6 a5 25. Rb7 Rd8 26. g4 Bc8 {0-1 (46) Carbonnel,P (2229)-Froehlich,P (2440) Germany 2000}) 21. Rb8 Rd7 22. Qa5 Qd8 $2 (22... Bh6 $11) 23. Qxd8+ $1 $18 Rxd8 24. Bg4 $1 {Black must now prevent Rxc8!} Kf7 {[#]} 25. Rxc8 $1 {[%mdl 576] Deflection, Decoy} Rxc8 {[%mdl 4096] Endgame KRB-KBN} 26. Nd6+ {[%mdl 64] Double Attack} Kf6 27. Nxc8 Bf8 28. Bf3 Kf5 29. Bxc6 e4 30. Kf2 Bc5+ 31. Ke2 Kf4 32. a4 a5 33. Kd2 Bb4+ 34. c3 Bc5 35. Ke2 Kf5 36. g3 Ke5 37. Kd2 Bg1 {[#]} 38. h3 $1 Bf2 39. Bb7 Bc5 40. Kc2 h5 41. Kb3 g5 42. Kc4 Bf2 43. g4 h4 44. Ne7 Kf4 45. Nc6 Kg3 46. Nxa5 Kxh3 {[#]} 47. Nb3 $2 ({Weaker is} 47. Bxe4 Kxg4 48. Kd3 Kf4 $16) (47. Nc6 $1 $18 {and the rest is easy. Threatens to win with a5.} Kxg4 48. a5) 47... Kxg4 $16 48. a5 {And now Nd4 would win.} Ba7 49. Nd4 (49. Bxe4 $16 {Hoping for Kd3.} Kf4 50. Kd3) 49... h3 $2 {[%mdl 8192]} (49... e5 $1 $11 {and Black is okay.} 50. Ne6 (50. Bxe4 Kf4 $17) 50... Kf5) 50. Bxe4 $18 e5 $2 (50... Kf4 51. Nxe6+ Kxe4 52. Nxg5+ {[%mdl 64] Double Attack} Ke5 53. Nxh3 Be3) 51. Ne2 Kh4 52. Kd5 g4 53. c4 g3 {[#]} 54. Nxg3 $1 {[%mdl 512]} Kxg3 55. c5 {Accuracy: White = 91%, Black = 56%.} 1-0

[Event "Lindores Abbey Rapid Challenge"]
[Site "Online"]
[Date "2020.05.19"]
[Round "4"]
[White "Firouzja, Alireza"]
[Black "Yu, Yangyi"]
[Result "1/2-1/2"]
[WhiteElo "2703"]
[BlackElo "2738"]
[Annotator "TA"]
[PlyCount "88"]
[EventDate "2020.05.19"]
[EventType "tourn"]
[SourceTitle "playchess.com"]
[Source "ChessBase"]
[SourceQuality "1"]

{[%evp 14,88,26,21,35,35,26,18,31,21,28,6,21,0,0,22,34,12,36,0,0,0,0,0,0,0,0,-16,-25,-33,-33,-28,0,-10,-24,-37,-11,0,-20,-27,-8,-8,-2,-8,-8,-8,-8,-12,-10,-12,0,-31,-36,-42,-42,-44,-44,-47,-49,-50,-57,-57,0,0,0,0,0,0,0,0,0,0,0,0,0,0,0]} 1. e4 e5 2. Nf3 Nf6 3. Nxe5 d6 4. Nf3 Nxe4 5. Nc3 Nxc3 6. dxc3 Be7 7. Be3 Nc6 8. Qd2 Bf5 {C42: Petroff Defence: 3 Nxe5 and unusual White 3rd moves.} 9. O-O-O Qd7 $1 {9...Qd7 is better than 9...0-0.} 10. h3 (10. Bc4 Be6 11. Qe2 Bxc4 12. Qxc4 Qe6 13. Rd5 O-O 14. Rhd1 Rfe8 15. Qb5 Rab8 16. Kb1 a6 17. Qa4 Bf6 18. a3 h6 {0-1 (47) Firouzja,A (2723)-Yu,Y (2738) Moscow 2019}) 10... O-O 11. Kb1 Rae8 12. Rg1 {[#]} a6 $146 ({Predecessor:} 12... Bd8 13. Be2 Bg6 14. Bf4 Re4 15. g4 Rfe8 16. Be3 Ne5 17. Qd5 Qc6 18. Qxc6 Nxc6 19. Nd2 R4e7 20. Bf3 h6 21. a3 Re6 22. Bd5 Re5 {½-½ (22) Betker,J (2448)-Lins,T (2453) GER email 2015}) 13. g4 Be4 14. Be2 Bd8 15. h4 b5 16. Ng5 (16. Rg3 $14) 16... Bxg5 $1 $11 17. hxg5 Ne5 18. Rg3 Qc6 19. f4 Nc4 20. Bxc4 bxc4 21. Qe2 Rb8 22. Bc1 Rb5 {[#] ...Rfb8 is the strong threat.} 23. Rd4 d5 24. Re3 $1 {[%cal Re3e4]} Rfb8 25. Rexe4 dxe4 26. Rxe4 Rxb2+ 27. Bxb2 {Black must now prevent a4.} Qb5 {[%csl Gb8][%cal Rb5b2]} 28. Kc1 {Strongly threatening Ba3.} Qxb2+ {[%mdl 4160] [#] Endgame Double Attack. KQR-KQR} 29. Kd2 Rd8+ 30. Ke1 {Threatening mate with Re8+.} Qxc3+ 31. Kf2 {White threatens Re8+ and mate.} g6 32. Re8+ Rxe8 33. Qxe8+ $15 {KQ-KQ} Kg7 34. Qe4 h6 35. gxh6+ Kxh6 36. Qh1+ Kg7 37. Qe4 $1 c5 (37... Kf8 $15) 38. g5 $11 {The position is equal.} Qd4+ 39. Kf3 {Hoping for Qxd4+.} Qd1+ 40. Qe2 Qh1+ 41. Kg3 Qg1+ 42. Kf3 Qh1+ 43. Kg3 Qg1+ 44. Kf3 Qh1+ {Accuracy: White = 93%, Black = 93%.} 1/2-1/2

[Event "Lindores Abbey Rapid Challenge"]
[Site "Online"]
[Date "2020.05.20"]
[Round "5"]
[White "Ding, Liren"]
[Black "Grischuk, Alexander"]
[Result "0-1"]
[WhiteElo "2836"]
[BlackElo "2784"]
[Annotator "TA"]
[PlyCount "50"]
[EventDate "2020.05.19"]
[EventType "tourn"]
[SourceTitle "playchess.com"]
[Source "ChessBase"]
[SourceQuality "1"]

{[%evp 17,50,14,24,7,7,11,70,48,45,43,39,52,44,29,25,13,29,17,20,25,25,21,39,21,17,16,74,68,79,-580,-563,-576,-575,-751,-742]} 1. d4 Nf6 2. c4 e6 3. g3 d5 4. Bg2 dxc4 5. Qa4+ Bd7 6. Qxc4 c5 7. dxc5 Bc6 8. Nf3 Nbd7 9. Be3 Bd5 10. Qc2 {E04: Open Catalan: 5 Nf3.} Be4 11. Qc1 {[#]} Nd5 $5 $146 {[%mdl 8] An interesting novelty.} ({Black should play} 11... Bxc5 $1 $11 {[%mdl 512]} 12. Nc3 (12. Bxc5 Rc8 $11) 12... Bxf3 13. Bxf3 Qb6) ({Predecessor:} 11... Ng4 12. b4 a5 13. Bg5 f6 14. Bd2 axb4 15. Bxb4 Nxc5 16. Bxc5 Rc8 17. Qc4 Bxc5 18. Qxe6+ {½-½ (41) Ding,L (2769)-Aronian,L (2794) Berlin 2018}) 12. c6 {White is slightly better.} bxc6 13. O-O Nxe3 14. Qxe3 Bd5 15. Nbd2 {[%cal Bb1d2,Bd2c4,Bc4e3][%mdl 32]} Be7 16. Qf4 e5 17. Qf5 O-O 18. Rfd1 ({Not} 18. Nxe5 $2 Be6 $19) 18... Qc7 19. Rac1 Rad8 20. Nc4 {[%cal Rf3e5]} e4 21. Ne3 Bxa2 (21... Nc5 $11 22. Nxd5 Rxd5 23. Rxd5 cxd5) 22. Qxe4 $16 Nf6 23. Rxd8 $4 {[%mdl 8192] [#]} ({And not} 23. Rxc6 Rxd1+ 24. Nxd1 Qd7 $17) (23. Qxc6 $16 {and life is bright.} Rxd1+ 24. Nxd1 Qxc6 25. Rxc6) 23... Nxe4 $19 {Black is clearly winning.} 24. Rxf8+ Bxf8 25. Nd4 Qb6 {Accuracy: White = 81%, Black = 85%.} 0-1

[Event "Lindores Abbey Rapid Challenge"]
[Site "Online"]
[Date "2020.05.20"]
[Round "5"]
[White "Nakamura, Hikaru"]
[Black "Aronian, Levon"]
[Result "1-0"]
[WhiteElo "2829"]
[BlackElo "2778"]
[Annotator "TA"]
[PlyCount "121"]
[EventDate "2020.05.19"]
[EventType "tourn"]
[SourceTitle "playchess.com"]
[Source "ChessBase"]
[SourceQuality "1"]

{[%evp 17,121,0,4,9,0,-5,11,0,5,10,10,7,8,15,22,22,19,16,30,28,29,15,21,20,16,0,0,0,9,0,0,0,20,0,0,0,0,0,0,0,0,0,0,0,9,0,3,0,0,0,0,0,0,-11,94,106,91,91,98,67,208,210,202,191,193,195,192,197,178,189,185,81,81,89,89,86,128,105,235,216,212,230,230,216,208,224,213,213,214,181,166,148,369,374,422,415,422,420,762,730,1685,1641,1647,1478,1303,1206]} 1. e4 e5 2. Nf3 Nf6 3. Nxe5 d6 4. Nf3 Nxe4 5. d3 Nf6 6. d4 d5 7. h3 Bd6 8. Bd3 O-O 9. O-O Re8 10. Nc3 {C01: French: Exchange Variation.} c6 11. Bg5 Nbd7 12. Re1 {The position is equal.} Rxe1+ 13. Qxe1 Nf8 14. Ne2 {[#]} h6 $146 ({Predecessor:} 14... Ng6 15. Bxg6 hxg6 16. Bf4 Bf8 17. Ng3 Bd7 18. Qe2 Qb6 19. c3 Re8 20. Ne5 Bc8 21. Qc2 Qd8 22. Re1 Nd7 {½-½ (27) Dunks,P (1975)-Webster,R (2266) ICCF email 2018}) 15. Bf4 Bxf4 16. Nxf4 Qb6 17. b3 Bd7 18. Qd2 Re8 19. Ne5 Bc8 20. Re1 Qc7 21. c4 dxc4 22. Bxc4 Re7 23. Nfg6 Nxg6 24. Nxg6 Re8 25. Rxe8+ Nxe8 26. Qe3 Nd6 27. Qe5 {Ne7+ is the strong threat.} Qd7 28. Ne7+ Kf8 29. Nxc8 Nxc8 30. Qb8 g6 31. Qf4 Kg7 32. Qe5+ f6 33. Qb8 b5 34. Bd3 Ne7 35. Qf4 c5 (35... h5 $11 {keeps the balance.}) 36. Qe4 $36 {[%mdl 2048] White has strong initiative.} cxd4 {[#]} 37. Bxb5 $1 {[%mdl 512]} Qd6 (37... Qxb5 38. Qxe7+) 38. Qb7 Qb4 ({Black should try} 38... Qe5 $14) 39. Qxa7 $18 Qe1+ 40. Kh2 Qe5+ 41. g3 h5 {[#]} 42. h4 $1 g5 43. hxg5 fxg5 44. Kg1 (44. Qd7 $18) 44... h4 $16 45. gxh4 gxh4 46. Qd7 Kf6 47. Bd3 Qg5+ (47... Nd5 $16) 48. Kf1 $18 Qc1+ 49. Ke2 Qb2+ {[#]} 50. Kf3 $1 {Black must now prevent Qd6+.} Qc3 51. Qd6+ Kf7 52. Qf4+ {[%mdl 64] Double Attack} Ke6 53. Qe4+ Kd6 54. Kg4 {Threatens to win with Qf4+.} Qc8+ $2 (54... Nc6 $16 {was necessary.}) 55. Kxh4 Qh8+ 56. Kg3 Nd5 57. a3 Nc3 (57... Qb8 $142 58. Bc4 Qg8+ 59. Qg4 Qh8) 58. Qg6+ {White is clearly winning.} Kc7 59. Qh7+ Qxh7 60. Bxh7 Kd6 61. Bd3 {Accuracy: White = 95%, Black = 69%.} 1-0

[Event "Lindores Abbey Rapid Challenge"]
[Site "Online"]
[Date "2020.05.20"]
[Round "5"]
[White "Duda, Jan-Krzysztof"]
[Black "Dubov, Daniil"]
[Result "1-0"]
[WhiteElo "2774"]
[BlackElo "2770"]
[Annotator "TA"]
[PlyCount "87"]
[EventDate "2020.05.19"]
[EventType "tourn"]
[SourceTitle "playchess.com"]
[Source "ChessBase"]
[SourceQuality "1"]

{[%evp 11,87,4,8,-13,-8,-12,-12,-7,-11,-4,-7,-14,-25,-20,0,0,31,10,37,18,23,9,63,37,30,0,38,16,37,30,126,43,41,42,39,36,54,42,200,179,185,210,290,277,265,256,395,410,389,385,479,518,550,547,542,536,530,525,905,894,918,871,904,904,873,653,1197,1262,1160,1226,1073,1432,1462,1273,1498,1465,1274,1221]} 1. c4 g6 2. Nc3 c5 3. g3 Bg7 4. Bg2 Nc6 5. Nf3 d6 6. d3 e6 7. Bf4 {7.Bd2 gains popularity. A37: Symmetrical English vs ...g6: 4 Bg2 Bg7 5 Nf3.} Nge7 8. h4 $5 {[%mdl 4] A promising side line.} h6 9. Qc1 {The position is equal.} e5 10. Bd2 Be6 11. Rb1 Rc8 {[#]} 12. a3 $146 ({Predecessor:} 12. O-O d5 13. Nxd5 Nxd5 14. cxd5 Bxd5 15. Qxc5 Nd4 16. Qb4 Nxe2+ 17. Kh2 Qd7 18. Rfe1 Bxf3 19. Bxf3 {1-0 (50) Domogaev,S (2454)-Viktorov,A (2510) Dubna 2015}) 12... f5 13. b4 cxb4 14. axb4 d5 15. c5 e4 16. Nh2 h5 (16... Nd4 $11) 17. Nb5 {Hoping for Nd6+.} O-O 18. Nd6 {Threatens to win with b5.} Rc7 19. Bf4 b6 20. O-O Qd7 (20... Bd7 $11 {remains equal.}) 21. Qd2 (21. Rd1 $16) 21... bxc5 $14 22. bxc5 a5 23. Rfc1 Ra7 24. e3 exd3 $2 {[#] Now Black is done in.} ({Black should play} 24... Nb4 $14) 25. Nf3 a4 26. Nb5 ({Worse is} 26. Qxd3 a3 $11) 26... Rb7 27. Qxd3 Ra8 28. Ng5 Rxb5 (28... Ra5 {was necessary.} 29. Bd6 Kh8 30. Nxe6 Qxe6) 29. Qxb5 $18 ({Not} 29. Rxb5 a3 $18) 29... a3 30. Bd6 a2 {[#]} 31. Ra1 $1 {[%mdl 512] White is clearly winning.} Bf6 (31... Bxa1 32. Rxa1) 32. Qb3 Bxg5 33. hxg5 d4 34. Qb2 Kh7 35. Bxe7 Qxe7 36. Bxc6 Rc8 37. Bf3 dxe3 38. Qf6 exf2+ 39. Kxf2 Qxf6 40. gxf6 Kg8 41. c6 Rc7 42. Be2 Kf7 43. Rc5 Kxf6 44. Bc4 {Accuracy: White = 92%, Black = 50%.} 1-0

[Event "Lindores Abbey Rapid Challenge"]
[Site "Online"]
[Date "2020.05.20"]
[Round "5"]
[White "Wei, Yi"]
[Black "Firouzja, Alireza"]
[Result "1/2-1/2"]
[WhiteElo "2752"]
[BlackElo "2703"]
[Annotator "TA"]
[PlyCount "96"]
[EventDate "2020.05.19"]
[EventType "tourn"]
[SourceTitle "playchess.com"]
[Source "ChessBase"]
[SourceQuality "1"]

{[%evp 9,96,42,34,41,45,46,39,39,39,39,41,41,48,23,41,29,41,42,33,33,40,40,40,40,29,30,59,57,145,142,122,133,144,138,160,28,28,32,30,35,30,29,43,8,8,12,47,8,8,8,8,8,24,34,32,0,0,0,0,0,0,0,0,0,0,0,0,0,0,0,0,0,0,0,0,0,0,0,0,0,0,0,0,0,0,0,0,0,0]} 1. e4 c6 2. d4 (2. Nf3 d5 3. d3 dxe4 4. dxe4 Qxd1+ 5. Kxd1 Nf6 6. Nbd2 Bg4 7. Be2 Nbd7 8. Ne1 e5 9. Bxg4 Nxg4 10. Ke2 f6 11. Nc4 h5 12. Nd3 Nh6 13. Be3 Nf7 14. Rhd1 h4 15. h3 g5 16. a4 b6 17. f3 Be7 {1-0 (44) Wei,Y (2732)-Firouzja,A (2728) chess.com INT 2020}) 2... d5 3. f3 Qb6 4. Nc3 {[%cal Bb1c3,Bc3a4,Ba4c5][%mdl 32]} e5 5. dxe5 Bc5 {Strongly threatening ...Bf2+.} 6. Na4 {B12: Caro-Kann: Advance Variation.} Qa5+ 7. c3 Bxg1 8. Rxg1 {White is slightly better.} dxe4 9. Bf4 Ne7 10. b4 Qd5 11. Nc5 {[#]} Qxd1+ $146 ({Predecessor:} 11... Ng6 12. Bg3 Nd7 13. Qxd5 cxd5 14. Bb5 Ke7 15. Bxd7 Bxd7 16. Nxb7 h5 17. h4 Rhc8 {1-0 (45) Gorovykh,E (2391)-Saulespurens,V (2384) Riga 2009}) 12. Rxd1 Nd5 13. Bg5 $36 {[%mdl 2048] White has the initiative.} h6 14. fxe4 hxg5 15. exd5 cxd5 16. Rxd5 Ke7 17. Bc4 Nc6 18. Rf1 Be6 {[#]} (18... Rxh2 $14 19. Rd7+ Bxd7 20. Rxf7+ {[%mdl 64] Double Attack} Ke8 21. Rxd7 Nxe5 22. Rxg7 Nxc4 23. Rg8+ Kf7 24. Rxa8 b6) 19. Rd7+ $1 $16 Bxd7 20. Rxf7+ {[%mdl 64] Double Attack} Ke8 21. Nxd7 Rh4 22. Rxg7 ({White should try} 22. Bb3 $16) 22... Rxc4 $11 23. Nf6+ {[%mdl 64] [#] Discovered Attack} Kf8 24. Rg8+ Kf7 $1 25. Rxa8 Rxc3 {[%mdl 4096] Endgame KRN-KRN} 26. Ng4 Rc1+ 27. Ke2 Ra1 28. Ke3 {Threatens to win with b5.} Rxa2 29. b5 Ne7 30. b6 Nd5+ 31. Ke4 Nxb6 32. Rb8 Nd7 {The position is equal.} 33. Rc8 Ke6 ({Of course not} 33... Rxg2 $6 34. Kf5 $16) 34. Re8+ Kf7 35. Rc8 {And now Kf5 would win.} Ke6 ({But not} 35... Rxg2 $6 36. Kf5 $16) 36. Re8+ Kf7 37. Rh8 Nf8 38. g3 a5 39. Nh6+ Kg7 40. Rg8+ Kxh6 41. Rxf8 {KR-KR} Re2+ 42. Kd5 a4 43. Ra8 b5 44. e6 Kg6 45. Kd6 {Hoping for e7.} Rd2+ 46. Ke5 Re2+ 47. Kd6 {aiming for e7.} Rd2+ 48. Ke5 {e7 is the strong threat.} Re2+ {Accuracy: White = 85%, Black = 88%.} 1/2-1/2